000 00356nam a22001577a 4500
005 20260408102938.0
008 160628b xxu||||| |||| 00| 0 eng d
020 _a1-898938-26-1
041 _aeng
082 _a616.8522
100 _a Browning, Lyndon
_98934
245 _aUnderstanding Anxiety
260 _bAlfa
_c1996
300 _a185;P
942 _cBK
999 _c4503
_d4502